Geografia per Lettere - D - Statistics

Statistiche generali
  • Questo quiz è stato fatto 198 volte
  • Il punteggio medio è 10 su 20
Statistiche sulle risposte
Categoria Risposta % Corretto
Stato USA Dakota del Nord - Dakota del Sud - Delaware
86%
Stato Europeo Danimarca
85%
Fiume* Danubio - Dnepr - Don
85%
Valuta in Uso Danari - Dinaro - Dirham - Dobra - Dollaro - Đồng - Dram
81%
Lingua* Danese
75%
Capitale Europea Dublino
75%
Città Tedesca* Düsseldorf - Dortmund - Dresda
75%
Stato Nord Americano Dominica
70%
Città Indiana* Delhi - Dhanbad - Dehradun - Durgapur
69%
Capitale Asiatica Dacca - Damasco - Dili - Doha - Dušanbe
66%
Capitale di 4 Lettere Dili - Doha
65%
Capitale Africana Dakar - Dodoma
54%
Capitale di uno Stato USA Denver - Des Moines - Dover
42%
Contea Inglese Durham - Derbyshire - Dorset - Devon
29%
Parco Nazionale Italiano Dolomiti
26%
Montagna* Dhaulagiri - Disteghil Sar - Diran - Denali - Deo Tibba - Dorje Lakhpa - Damavand - Dich Tau
11%
Parco Nazionale Statunitense Dei Ghiacciai - Denali - Dry Tortugas - Dune dell'Indiana
2%
Isola* Devon - Disko
1%
Religione (praticata ancora oggi) Drusismo - Dongba - Dievturiba
1%
Mare (non si includono Laghi Salati) Davis - Dumont d'Urville - Davao
0%
Nessun quiz corrispondente trovato
Distribuzione punteggi
Percentuale di utenti per punteggio
Percentile per numero di risposta
I tuoi punteggi nel tempo
Non hai fatto questo quiz